000 02556nam a2200253 4500
003 vecauma
005 20260414202637.0
007 ta
008 260414b ve ||||| |||| 00| 0 spa d
020 _a8475099696
040 _avecauma
_bspa
_cvecauma
_dvecauma
_erda
041 _aspa
100 1 _eautor
245 1 _aEl sublenguaje del cuerpo
_bGastos, posturas y distancias en las relaciones personales y en la empresa
_c/ Julius Fast
264 _aEspaña:
_bPaidós Ibérica, S.A.;
_c1994.
300 _a279 páginas.
336 _atexto
_btxt
_2rdacontenido
337 _ano mediado
_bn
_2rdamedio
338 _avolumen
_bnc
_2rdasoporte
505 0 _aLo que vemos no es lo que captamos / Los subtextos del lenguaje / Los subtextos del tacto / El lenguaje corporal: los ojos, la cabeza y las manos. / El lenguaje corporal: los gestos, las posturas y el espacio / La manifestación de la interioridad / La verdad y sus consecuencias / Aspectos del poder / La entrevista de empleo / La magia detrás de la venta / Las relaciones peligrosas. / Cuando los mundos chocan: el subtexto y el lugar de trabajo en el marco internacional /
520 3 _aJulius Fast, el hombre que nos enseñó que el hecho de cruzar las piernas, por ejemplo, es algo más que una forma de ponerse cómodo, aplica ahora al mundo de los negocios el resultado de décadas de investigación acerca del lenguaje del cuerpo, y demuestra que sus hallazgos son aún más útiles en ese terreno que en el de las relaciones personales, donde la honestidad tiende a ser más corriente. Así, propugnando que en toda interacción humana hay un texto explícito y un texto implícito o subtexto -la corriente de comunicación que fluye bajo la superficie y que a menudo es más reveladora que la superficie misma, porque es inconsciente, Fast nos enseña, entre otras cosas, a: .Conseguir que el contacto ocular, en una reunión de negocios, obre en nuestro beneficio. .Identificar las microexpresiones que revelan que alguien está mintiendo. .Adivinar qué significa que nos hagan esperar cinco, diez o veinte minutos para una cita. .Ordenar las sillas alrededor de la mesa de modo que resulte fácil asumir el control de una reunión. La capacidad para lograr hacer todo esto no sólo nos permite comunicarnos de manera más eficaz, sino que también nos ayuda a interpretar a los demás: lo que los otros dicen y, lo que es más importante, lo que desesperadamente intentan no decir.
942 1 _2lcc
_n0
_cBK
999 _c13369
_d13369